Party walls - the law and the surveyors role (Record no. 85430)

MARC details
000 -LEADER
fixed length control field 01663cam a2200349 4500
008 - FIXED-LENGTH DATA ELEMENTS--GENERAL INFORMATION
fixed length control field 030609n2003 000 0 eng u
020 ## - INTERNATIONAL STANDARD BOOK NUMBER
International Standard Book Number 1904388904
035 ## - SYSTEM CONTROL NUMBER
System control number (Sirsi) u122562
041 ## - LANGUAGE CODE
Language code of text/sound track or separate title eng
050 ## - LIBRARY OF CONGRESS CALL NUMBER
Classification number 692.2
-- 18
100 ## - MAIN ENTRY--PERSONAL NAME
Personal name Redler, Alistair
245 ## - TITLE STATEMENT
Title Party walls - the law and the surveyors role
Remainder of title a CPD study pack
260 ## - PUBLICATION, DISTRIBUTION, ETC.
Place of publication, distribution, etc. Reading
Name of publisher, distributor, etc. College of Estate Management
Date of publication, distribution, etc. 2003
300 ## - PHYSICAL DESCRIPTION
Extent 46p.
Dimensions 30cm. + 1 audio CD (ca. 60 min.)
350 ## - PRICE (NR) (BK AM CF MU VM SE) [OBSOLETE]
Price 42
490 ## - SERIES STATEMENT
Series statement College of Estate Management CPD Study Pack
520 ## - SUMMARY, ETC.
Summary, etc. The aim of this study pack is to explain the scope of the Party Wall etc Act 1996 focusing, in particular, on the role of surveyors acting on behalf of building owners and adjoining owners. It explains the scope of the Act, the role of surveyors and the legal basis for the surveyor's role with practical examples of design details that are contentious and gives an explanation of remedies available when things go wrong. [CEM]
520 ## - SUMMARY, ETC.
Summary, etc. Accompanied by Owlion audio recording "Party Wall etc Act 1996 : best practice 2002" (J120328) which is available to borrow seperately.
650 ## - SUBJECT ADDED ENTRY--TOPICAL TERM
Topical term or geographic name entry element PARTY WALL ETC ACT 1996
650 ## - SUBJECT ADDED ENTRY--TOPICAL TERM
Topical term or geographic name entry element PARTY WALL SURVEYORS
650 ## - SUBJECT ADDED ENTRY--TOPICAL TERM
Topical term or geographic name entry element Party walls
9 (RLIN) 6258
690 ## - LOCAL SUBJECT ADDED ENTRY--TOPICAL TERM (OCLC, RLIN)
Topical term or geographic name as entry element Boundary disputes
9 (RLIN) 6221
700 ## - ADDED ENTRY--PERSONAL NAME
Personal name Land, Howard
700 ## - ADDED ENTRY--PERSONAL NAME
Personal name Redler, Alistair
700 ## - ADDED ENTRY--PERSONAL NAME
Personal name Phillips, Antony
700 ## - ADDED ENTRY--PERSONAL NAME
Personal name Silver, Rosemary
700 ## - ADDED ENTRY--PERSONAL NAME
Personal name Ainsworth, Robin
710 ## - ADDED ENTRY--CORPORATE NAME
Corporate name or jurisdiction name as entry element College of Estate Management
9 (RLIN) 400
710 ## - ADDED ENTRY--CORPORATE NAME
Corporate name or jurisdiction name as entry element Royal Institution of Chartered Surveyors
Subordinate unit Boundaries and Party Wall Working Group
9 (RLIN) 4505
710 ## - ADDED ENTRY--CORPORATE NAME
Corporate name or jurisdiction name as entry element Royal Institution of Chartered Surveyors
9 (RLIN) 4900
942 ## - ADDED ENTRY ELEMENTS (KOHA)
Suppress in OPAC 0
Holdings
Withdrawn status Lost status Damaged status Not for loan Home library Current library Shelving location Date acquired Cost, normal purchase price Total Checkouts Full call number Barcode Date last seen Date last checked out Copy number Cost, replacement price Price effective from Koha item type Source of classification or shelving scheme
  Missing     London London Missing 04/08/2003 35.70 46 BASEMENT 6 30067332 06/08/2019 18/03/2008 1 35.70 06/08/2019 Audio  
  Missing     London London Missing 04/08/2003 35.70 60 BASEMENT 6 30067333 06/08/2019 03/12/2009 2 35.70 06/08/2019 Audio  
        London London Enquiry desk 04/08/2003 35.70 73 BASEMENT 6 30067335 06/08/2019 05/01/2010 4 35.70 06/08/2019 Audio Dewey Decimal Classification